| 000 | 00560nam a2200241 a 4500 | ||
|---|---|---|---|
| 001 | nice12345678 | ||
| 003 | IN_TiNIC | ||
| 005 | 20260116011621.0 | ||
| 008 | 050524s1921 teha grp 000 0 urd | ||
| 020 |
_a _c100 |
||
| 082 | 0 | 0 |
_a297.52 _bMAH |
| 100 | _aMahboob Alam, | ||
| 245 | _aNamaaz | ||
| 260 |
_aTehran _bNo Publisher _c1921 |
||
| 300 | _a88p | ||
| 500 | _aincludes index and biblioraphy | ||
| 505 | 2 | _aPlus Some Other Tracts | |
| 650 | _aIslam-Prayers | ||
| 700 | 1 | _aMahboob Alam, | |
| 902 | _bSRS | ||
| 942 | _cBK | ||
| 999 |
_c2916 _d2916 |
||